The first and second Epistles to the Thessalonians : (Record no. 6792)
[ view plain ]
| 000 -LEADER | |
|---|---|
| fixed length control field | 00888cam a22002771 4500 |
| 001 - CONTROL NUMBER | |
| control field | 29330 |
| 003 - CONTROL NUMBER IDENTIFIER | |
| control field | GBCCL |
| 005 - DATE AND TIME OF LATEST TRANSACTION | |
| control field | 20241126110611.0 |
| 008 - FIXED-LENGTH DATA ELEMENTS--GENERAL INFORMATION | |
| fixed length control field | 790405s1959 miu b 000 0 eng |
| 010 ## - | |
| -- | 58009549 //r832 |
| 020 ## - INTERNATIONAL STANDARD BOOK NUMBER | |
| International Standard Book Number | 0802821971 |
| 035 ## - SYSTEM CONTROL NUMBER | |
| System control number | (OCoLC)00690992 |
| 040 ## - CATALOGING SOURCE | |
| Original cataloging agency | DLC |
| Transcribing agency | DLC |
| Modifying agency | OCL |
| 049 ## - | |
| -- | LBBK |
| -- | LBBC |
| -- | LBBA |
| -- | 1-2 |
| 050 0# - | |
| -- | BS2725.3 |
| -- | .M68 |
| 082 0# - DEWEY DECIMAL CLASSIFICATION NUMBER | |
| Classification number | 225.77 |
| Item number | NEW |
| 092 ## - LOCALLY ASSIGNED DEWEY CALL NUMBER (OCLC) | |
| Classification number | 227.8 |
| Item number | M876 |
| 100 1# - MAIN ENTRY--PERSONAL NAME | |
| Personal name | Morris, Leon, |
| Dates associated with a name | 1914- |
| 9 (RLIN) | 3096 |
| 245 04 - TITLE STATEMENT | |
| Title | The first and second Epistles to the Thessalonians : |
| Remainder of title | the English text with introduction, exposition, and notes. |
| 260 ## - PUBLICATION, DISTRIBUTION, ETC. | |
| Place of publication, distribution, etc. | Grand Rapids, Mich. : |
| Name of publisher, distributor, etc. | Eerdmans, |
| Date of publication, distribution, etc. | [1959] |
| 300 ## - PHYSICAL DESCRIPTION | |
| Extent | 274 p. ; |
| Dimensions | 23 cm. |
| 440 #0 - SERIES STATEMENT/ADDED ENTRY--TITLE | |
| Title | New international commentary on the New Testament |
| 9 (RLIN) | 5047 |
| 504 ## - BIBLIOGRAPHY, ETC. NOTE | |
| Bibliography, etc. note | Bibliographical footnotes. |
| 630 00 - SUBJECT ADDED ENTRY--UNIFORM TITLE | |
| Uniform title | Bible. |
| Name of part/section of a work | N.T. |
| -- | Thessalonians |
| General subdivision | Commentaries. |
| 9 (RLIN) | 12179 |
| 942 ## - ADDED ENTRY ELEMENTS (KOHA) | |
| Source of classification or shelving scheme | Dewey Decimal Classification |
| Koha item type | Reference Books |
| Withdrawn status | Lost status | Source of classification or shelving scheme | Damaged status | Not for loan | Home library | Current Library | Shelving location | Date acquired | Total checkouts | Full call number | Barcode | Date last seen | Copy number | Price effective from | Koha item type |
|---|---|---|---|---|---|---|---|---|---|---|---|---|---|---|---|
| Dewey Decimal Classification | GRACE BIBLE COLLEGE | GRACE BIBLE COLLEGE | Commentary | 2018-06-28 | 225.77 NEW | 000219 | 2025-05-01 | v.12 | 2018-06-28 | Reference Books |